000 01063nam a2200265 a 4500
001 000025870
005 20200930024119.0
008 110217s1976 sp r 000 | spa d
020 _a8427706332
040 _aDO-SdBNP
_bspa
_cBNPHU
041 _aspa
_heng
_2Código de idioma MARC
082 _axxx
_bH572c
100 1 _aHersh, Richard H. ,
_952717
240 0 _aPromoting moral growth : from Piaget to Kohlberg
_lEspañol
245 1 3 _aEl crecimiento moral :
_bde Piaget a Kohlberg /
_cRichard H. Hersh, Diana P. Paolitto, Joseph Reimer; traducción Carmen Fernández Aguinaco; prólogo Lawrence Kohlberg.
260 _aLa Habana :
_bUnión de Escritores y Artistas de Cuba,
_c1976.
300 _a192 p. ;
_c24 cm.
534 _aTítulo original :
_tPromoting moral growth : from Piaget to Kohlberg
500 _aIncluye referencia bibliográficas al pie de páginas
500 _aBibliografía : p. 185-188
700 1 _aPaolitto, Diana P.,
_952718
700 1 _aReimer, Joseph,
_952719
700 1 _aKohlberg, Lawrence,
_epról.
_952720
049 _aBNGR
999 _c25362
_d25362